000 00708nam a22002537a 4500
001 BD-DhSAU 2807
003 BD-DhSAU
005 20170517094301.0
008 150202s1979 ii a||||r|||| 001 0 eng d
040 _aBD-DhSAU
082 _222
_a581.1
_bMAT
100 _aMalik, C P
245 _aTextbook of plant physiology /
_cC P Malik & A K Srivastava
250 _arevised and enlarged ed.
260 _aNew Delhi :
_bKalyani Pub. ,
_cc1982.
300 _axxvii, 785 p. :
_bill. ;
_c24 cm.
504 _aIncludes bibliographical references and index.
590 _aerfat
650 _aPlant physiology
650 _abotany
650 _aPhysiology
700 _aSrivastava A K
942 _2ddc
_cBOOK
999 _c2807
_d2807